000 00546nam a22001577a 4500
003 NUST
038 _aNusrat Nadeem
082 _a200
100 _aHammad, Amna
_9130589
245 _aInvestigating the impact of Perceived Teacher Rejection on Students’ Academic Performance/
_cAmna Hammad,
264 _aIslamabad:
_bS3H NUST.
_c2025.
650 _aMS- Career Counselling and Education
_9125301
700 _aSupervisor: Dr. Sitwat Usman Langrial
_9130590
856 _uhttp://10.250.8.41:8080/xmlui/handle/123456789/54789
942 _2ddc
_cSC
999 _c614781
_d614781